Geography Quiz

Random Geography or Blitz Quiz

30 Pics in 60: Europe Quiz Stats

 Plays Quiz Updated Jul 7, 2020

Support Sporcle.
Go Orange.
Score 0/30 Timer 01:00
36 Plays Today
% Correct
Russia
81.7%
United Kingdom
81.5%
Italy
80.8%
Portugal
80.7%
France
80.6%
Iceland
80.4%
Ireland
80.3%
Spain
80.1%
Germany
79.9%
Greece
78.9%
Turkey
78.2%
Norway
77.5%
Sweden
77.4%
Poland
76.5%
Denmark
75.7%
% Correct
Finland
75%
Netherlands
74.7%
Belgium
74.5%
Ukraine
74.4%
Switzerland
73.4%
Cyprus
71.8%
Austria
69.3%
Croatia
65.8%
Estonia
65.7%
Belarus
65.6%
Romania
64.4%
Czechia
63.8%
Latvia
61%
Slovakia
57.1%
North Macedonia
51.2%

You're not logged in!

Compare scores with friends on all Sporcle quizzes.
OR
Log In
Forgot?

From the Vault

Hogwarts Apparition Exam

by bhenderson79

Doesn't just about everyone wish they could attend Hogwarts?
Remove Ads.
Support Sporcle.
Get the best of Sporcle when you Go Orange. This ad-free experience offers more features, more stats, and more fun while also helping to support Sporcle. Thank you for becoming a member.

Show Comments

Extras

Top Quizzes Today


Score Distribution

Your Account Isn't Verified!

In order to create a playlist on Sporcle, you need to verify the email address you used during registration. Go to your Sporcle Settings to finish the process.

Report this User

Report this user for behavior that violates our Community Guidelines.

Details: